000
00214nam a2200109Ia 4500
100
_a
#N/A
942
_c
BK
654
_a
functions of meeting
245
_a
Making Meetings Work
260
_b
#N/A
546
_a
ENGLISH
999
_c
20196
_d
20196